000 00250nam a22001097a 4500
082 _a080/ABR
100 _aAbrol Hitesh
_983149
245 _aLife Planned Or Unplanned
260 _aMeerut
_bLiterary Lounge
_c2024
650 _aMotivation
942 _cBK
999 _c67934
_d67934